00659 a2200193 4500952017000000999001700170003000400187005001700191008004100208020001800249040000900267082001800276100002300294245005000317250001200367260003000379300001400409942004200423 00102ddc40708PSYCHOLOGYaMESbMEScPSYCHOLOGYd2022-09-26e53g380.00l3m3o616.89 AHU/Sp41570r2023-02-14 00:00:00s2023-02-02v380.00w2022-09-26yBKzGL45R3 c41530d41530OSt20220919143012.0220919b ||||| |||| 00| 0 eng d a9789380704661 coclc a616.89bAHU/S 99105aAhuja, Niraj aA short textbook of psychiatry /cNiraj Ahuja a7th ed. aNew Delhi:bJaypee,c2011 a261 pages 2ddccBKh616.89iAHU/Sk616.89mAHU/S